Welford v Transport for London (Record no. 80769)

MARC details
000 -LEADER
fixed length control field 02080cad a22003015a 4500
001 - CONTROL NUMBER
control field L145301
008 - FIXED-LENGTH DATA ELEMENTS--GENERAL INFORMATION
fixed length control field 080924e20080211xxk f v 000 0 eng d
035 ## - SYSTEM CONTROL NUMBER
System control number (Sirsi) u145301
041 0# - LANGUAGE CODE
Language code of text/sound track or separate title eng
245 00 - TITLE STATEMENT
Title Welford v Transport for London
Medium [electronic resource]
260 ## - PUBLICATION, DISTRIBUTION, ETC.
Date of publication, distribution, etc. 2008
520 ## - SUMMARY, ETC.
Summary, etc. [2008] EWLands ACQ_26_2007, 11 February 2008. 'Entry onto' and 'possession' of land are not the same thing. The court had to determine whether a claim for compensation was allowed under the Limitation Act 1990. The claimant (W) owned land subject to a compulsory purchase order by an acquiring authority (T). T claimed that documentary evidence it had submitted was sufficient to show that it entered onto and took possession of the land under the Compulsory Purchase Act 1965 S11(1) and Limitation Act 1980 S9 in November 2000, and that W's claim was made outside the six year time limit and was therefore statute barred. W countered that the 1965 Act differed between 'enter' and 'take' possession, and that T had not satisfied both criteria. Held: claimant's claim allowed. There was insufficient evidence of entry, and in the absence of formal surrender of possession by the owner, no evidence that T had taken possession of any part of the land.
590 ## - LOCAL NOTE (RLIN)
Local note KA
650 24 - SUBJECT ADDED ENTRY--TOPICAL TERM
Topical term or geographic name entry element COMPULSORY PURCHASE ACT 1965
650 24 - SUBJECT ADDED ENTRY--TOPICAL TERM
Topical term or geographic name entry element LIMITATION ACT 1980
650 24 - SUBJECT ADDED ENTRY--TOPICAL TERM
Topical term or geographic name entry element HILLINGDON LONDON BOROUGH COUNCIL V ARC LTD
650 24 - SUBJECT ADDED ENTRY--TOPICAL TERM
Topical term or geographic name entry element BURSTON V WANTAGE RDC
650 24 - SUBJECT ADDED ENTRY--TOPICAL TERM
Topical term or geographic name entry element STANDISH V LIVERPOOL CORN
650 24 - SUBJECT ADDED ENTRY--TOPICAL TERM
Topical term or geographic name entry element FARMER V WATERLOO AND CITY RAILWAY CO
650 24 - SUBJECT ADDED ENTRY--TOPICAL TERM
Topical term or geographic name entry element ROLLS V ST GEORGES, SOUTWARK
650 24 - SUBJECT ADDED ENTRY--TOPICAL TERM
Topical term or geographic name entry element SIMMONDS V KENT COUNTY COUNCIL
650 24 - SUBJECT ADDED ENTRY--TOPICAL TERM
Topical term or geographic name entry element BIRMINGHAM CORPN V WEST MIDLAND BAPTIST (TRUST) ASSOCIATION INC
650 24 - SUBJECT ADDED ENTRY--TOPICAL TERM
Topical term or geographic name entry element R V BAISILDON DISTRICT COUNCIL, EXP MARTIN GRANT HOMES LTD
651 #4 - SUBJECT ADDED ENTRY--GEOGRAPHIC NAME
Geographic name England and Wales
Chronological subdivision 1543-
690 ## - LOCAL SUBJECT ADDED ENTRY--TOPICAL TERM (OCLC, RLIN)
Topical term or geographic name as entry element ENVIRONMENTAL AND LAND CONSULTANCY-PLANNING AND DEVELOPMENT-COMPULSORY PURCHASE AND COMPENSATION
856 40 - ELECTRONIC LOCATION AND ACCESS
Uniform Resource Identifier <a href="https://www.bailii.org/ew/cases/EWLands/2008/ACQ_26_2007.html">https://www.bailii.org/ew/cases/EWLands/2008/ACQ_26_2007.html</a>
Public note View the case free of charge at www.bailii.org...
942 ## - ADDED ENTRY ELEMENTS (KOHA)
Suppress in OPAC 0
Holdings
Withdrawn status Lost status Source of classification or shelving scheme Damaged status Not for loan Home library Current library Shelving location Date acquired Total Checkouts Full call number Barcode Date last seen Copy number Price effective from Koha item type
    Dewey Decimal Classification     Virtual Virtual Online 24/09/2008   ONLINE PUBLICATION 145301-1001 06/08/2019 1 06/08/2019 Law report